After the Whirlwind: Jewish Absence in Postwar Czechoslovakia

Titel: After the Whirlwind: Jewish Absence in Postwar Czechoslovakia / Jan Láníček
Verfasser:
In: Journal of contemporary history, Band 52, Heft 2 (2017), Seite 278-296
alle Artikel anzeigen
Veröffentlicht: 2017
Format: Aufsatz
Sprache: Englisch
Schlagworte:
Kein Bild verfügbar
X
alg: 49417247
001A    $03025:03-05-22 
001B    $01999:03-05-22 $t22:28:39.000 
001D    $03025:03-05-22 
001U    $0utf8 
001X    $00 
002@    $0Oou 
002C    $aText $btxt $2rdacontent 
002D    $aComputermedien $bc $2rdamedia 
002E    $aOnline-Ressource $bcr $2rdacarrier 
003@    $0494172479 
007A    $0494172479 $aHEB 
009Q    $uhttps://doi.org/10.1177/0022009416667792 $xH 
010@    $aeng 
010E    $erda 
011@    $a2017 
021A    $aAfter the Whirlwind: Jewish Absence in Postwar Czechoslovakia $hJan Láníček 
028A    $BVerfasser $#Lanicek, Jan $4aut $71045768669 $8Láníček, Jan$Z1981- [Tp3] $933483337X 
031A    $d52 $e2 $h278-296 $j2017 
039B    $aEnthalten in $8--Obvc--. Journal of contemporary history. - London {[u.a.] : Sage Publ., 1966-. - Online-Ressource. - ISSN 1461-7250 $x201700000520002722 $9083774181 
044K    $#הרמן, לאו $#Herman, Leʾo $7124360998 $8Herrmann, Leo$Z1888-1951 [Tp1] $9109197577 
044K    $#Wechsberg, Joseph $#Wechsberg, Josef $7119186780 $8Wechsberg, Joseph$Z1907-1983 [Tp1] $9087526794 
044K    $RProtektorat Böhmen und Mähren $RSlowakei $RSlowakei $RTschechien $#Tschechoslowakei $#Tschechoslowakei $#Tschechische und Slowakische Föderative Republik $#République Tchéco-Slovaque $#Tchécoslovaquie $#Československá Federativní Republika $#Česká a Slovenská Federativní Republika $#Czech and Slovak Federal Republic $#ČSFR $#ČSSR $#ČSR $#RČS $#Československo $#Československá Socialistická Republika $#Československá Republika $#Tschechoslowakische Sozialistische Republik $#Tschechoslowakische Republik $#Tschechoslowakische Föderative Republik $#Republika Československá $#Czechoslovakia $#Čechoslovakische Republik $#République Tchécho-Slovaque $#Tchéchoslovaquie $#Czechoslovak Socialist Republic $#Checoeslovaquia $#Cecoslovacchia $#Čechoslovakija $#République tchécoslovaque $74078435-6 $8Tschechoslowakei [Tg1] $9085222305 
044K    $RJudentum $RIsraeliten $RStämme Israels $#Jude $74028808-0 $8Juden [Ts1] $9085075922 
044K    $RBevölkerungspolitik $74347140-7 $8Bevölkerungsaustausch [Ts1] $908819700X 
044K    $RJudenverfolgung $RNationalsozialistisches Verbrechen $RVernichtungslager $#Holocaust, Jewish (1939-1945) $#Shoah $#Holocausto judío (1939-1945) $#Endlösung $#Holocaust $#Holokaust $#Judenfrage Endlösung $#Schoah $#Shoah $#Shoʾah $#Shoa $#Drittes Reich Judenvernichtung $#Šô'ā $#Juden Vernichtung $74073091-8 $8Judenvernichtung [Ts1] $9085205818 
045F    $a909.04924094370904 $eDDC23BSB 
045F/01 $a909.04924 
045F/03 $f0904 
045F/03 $g437 
045R    $aGeschichte 1945-1983 

lok: 49417247 78

exp: 49417247 78 1 #EPN
201B/01 $003-05-22 $t18:05:07.000 
201C/01 $003-05-22 
201U/01 $0utf8 
203@/01 $01198724781 
208@/01 $a03-05-22 $be 
209A/01 $a/ $f000 $x00 
209A/01 $ab*p $x01 
220C/01 $apgar 
244Z/01 $#Böhmische Kronländer $#Länder der Böhmischen Krone $#Sudetenland $#Böhmen $#Mähren $#Mährisch-Schlesien $#Österreichisch-Schlesien $#Tschechische Sozialistische Republik Böhmische Länder $#Tschechei Böhmische Länder $#Země koruny české $74069573-6 $8--Tg1--Böhmische Länder $x01 $9085195553 
244Z/01 $#Tschechoslowakei $#Tschechoslowakei $#Tschechische und Slowakische Föderative Republik $#République Tchéco-Slovaque $#Tchécoslovaquie $#Československá Federativní Republika $#Česká a Slovenská Federativní Republika $#Czech and Slovak Federal Republic $#ČSFR $#ČSSR $#ČSR $#RČS $#Československo $#Československá Socialistická Republika $#Československá Republika $#Tschechoslowakische Sozialistische Republik $#Tschechoslowakische Republik $#Tschechoslowakische Föderative Republik $#Republika Československá $#Czechoslovakia $#Čechoslovakische Republik $#République Tchécho-Slovaque $#Tchéchoslovaquie $#Czechoslovak Socialist Republic $#Checoeslovaquia $#Cecoslovacchia $#Čechoslovakija $#République tchécoslovaque $74078435-6 $8--Tg1--Tschechoslowakei $x02 $9085222305 
247C/01 $82080>Marburg/Lahn, Herder-Institut, Forschungsbibliothek, Bibliographieportal $9336309341
LEADER 00000caa a2200000 c 4500
001 494172479
003 DE-603
005 20220503222839.0
007 cr||||||||||||
008 220503s2017 xx |||| o| u00||u|eng c
035 |a (DE-599)HEB494172479 
040 |a DE-603  |b ger  |c DE-603  |d DE-603  |e rda 
041 |a eng 
082 0 4 |8 1\u  |a 909.04924094370904  |q DE-101  |2 23/BSB 
085 |8 1\u  |b 909.04924 
085 |8 1\u  |z 1  |s 0904 
085 |8 1\u  |z 2  |s 437 
100 1 |a Láníček, Jan  |d 1981-  |e Verfasser  |4 aut  |0 (DE-603)33483337X  |0 (DE-588)1045768669  |2 gnd 
245 0 0 |a After the Whirlwind: Jewish Absence in Postwar Czechoslovakia  |c Jan Láníček 
264 0 |c 2017 
336 |a Text  |b txt  |2 rdacontent 
337 |a Computermedien  |b c  |2 rdamedia 
338 |a Online-Ressource  |b cr  |2 rdacarrier 
600 1 7 |a Herrmann, Leo  |d 1888-1951  |0 (DE-588)124360998  |0 (DE-603)109197577  |2 gnd 
600 1 7 |a Wechsberg, Joseph  |d 1907-1983  |0 (DE-588)119186780  |0 (DE-603)087526794  |2 gnd 
648 7 |a Geschichte 1945-1983  |2 gnd 
650 7 |a Juden  |0 (DE-588)4028808-0  |0 (DE-603)085075922  |2 gnd 
650 7 |a Bevölkerungsaustausch  |0 (DE-588)4347140-7  |0 (DE-603)08819700X  |2 gnd 
650 7 |a Judenvernichtung  |0 (DE-588)4073091-8  |0 (DE-603)085205818  |2 gnd 
651 7 |a Tschechoslowakei  |0 (DE-588)4078435-6  |0 (DE-603)085222305  |2 gnd 
773 0 8 |i Enthalten in  |t Journal of contemporary history  |d London ˜[u.a.] œ: Sage Publ., 1966-  |h Online-Ressource  |x 1461-7250  |g Band 52, Heft 2 (2017), Seite 278-296  |w (DE-603)083774181  |w (DE-600)1494064-4 
856 |u https://doi.org/10.1177/0022009416667792  |x Verlag 
924 1 |9 2080  |a (DE-603)1198724781  |b DE-2080  |c HES  |d d  |g /